Josef Ladislav Turnovský (1838-1901) písemná pozůstalost

Bibliographic Details
Main Author: Bílek, Karol, 1939- (Author)
Format: Book
Language:Czech
PhysicalDescription:19 s. 8°
Published: Praha Lit. archív Památníku nár. písemnictví 1975
Series:Edice inventářů Památníku nár. písemnictví v Praze

MARC

LEADER 00000nam a2200000 a 4500
001 vtls001312593
003 SK-MaSNL
005 20260301065415.0
008 251113s1975 xr 0 cze
035 |a SNK000264996 
040 |a SNK  |b slo  |c SNK  |e AACR2 
044 |a xr  |c CZ 
100 1 |a Bílek, Karol,  |d 1939-  |4 aut  |9 140564 
245 1 0 |a Josef Ladislav Turnovský (1838-1901)  |b písemná pozůstalost  |c Karol Bílek 
260 |a Praha  |b Lit. archív Památníku nár. písemnictví  |c 1975 
300 |a 19 s.  |c 8° 
490 1 |a Edice inventářů Památníku nár. písemnictví v Praze  |v čís. 286 
830 0 |a Edice inventářů Památníku nár. písemnictví v Praze  |9 289095 
958 |a OND 
999 |c 630639  |d 632569 
952 |t P60, <04>, [BOOK], {604}  |a SNK  |b SNK  |y VYP  |7 0  |o snkIC 62627  |i snkKIP 8327/75  |0 0  |1 0  |4 0  |d 1997-11-28  |l 0  |r 2005-01-02 00:00:00  |w 2026-02-23